01457nam a22001217a 4500008004100000100004700041245009800088260002800186300002700214520100600241650006001247773002801307210109b ||||| |||| 00| 0 eng d aBro, Louise Ladegaard and Jensen, U Thy.  aDoes transformational leadership stimulate user orientation? Evidence from a field experiment aPublic Administration  a98(1), 2020: p.177-193 aWhile doing good for specific citizens and users is often considered a powerful motivator among public service employees, little research has rigorously evaluated how public managers can promote individualized prosocial motivation. We follow recent studies on the behavioural implications of ‘user orientation’ to explore how public managers can use a specific leadership strategy—transformational leadership—to reinforce employees' individualized prosocial motivation. Combining a field experiment with 80 childcare centre managers and survey reports from their 590 preschool teachers, we assess the effect of a transformational leadership training programme on user orientation. The results show a positive effect on user orientation three months after the training programme but no persistent effect 15 months after the intervention. This implies that, at least in the short term, public managers can use transformational leadership behaviours to stimulate user orientation. - Reproduced  aPublic managers, Leadership, Transnational leadership  aPublic Administration